El Problema actual de l'alimentació de les plantes, de l'home i del bestiar / [Joan Angel i Genís, Josep M. Soler Coll, M. Rossell i Vilà]
Descripción Física:
87 p. ; 22 cm
MARC
| LEADER | 00000nam a2200000Ia 4500 | ||
|---|---|---|---|
| 001 | 10892 | ||
| 008 | 160829s1918 xx 000 0 cat d | ||
| 080 | |a C-1-519 | ||
| 100 | |a Angel i Genís, Joan |9 33469 | ||
| 245 | |a El Problema actual de l'alimentació de les plantes, de l'home i del bestiar / [Joan Angel i Genís, Josep M. Soler Coll, M. Rossell i Vilà] | ||
| 260 | |a Barcelona : |b Consell Provincial d'Agricultura i Ramaderia de Barcelona, |c 1918 | ||
| 300 | |a 87 p. ; |c 22 cm | ||
| 590 | |a Donatiu de la Biblioteca Popular de Granollers. | ||
| 650 | |a Adobs |9 33470 | ||
| 650 | |a Nutrició |9 33420 | ||
| 700 | |a Soler i Coll, Josep M. |q (Josep Maria), |d 1893-1971 |9 33471 | ||
| 700 | |a Rossell i Vilar, Pere Màrtir |9 29189 | ||
| 901 | |a Arxiu | ||
| 942 | |n 1 | ||
| 952 | |0 0 |1 0 |4 0 |6 C1519 |7 1 |9 46304 |a Arxiu |b Arxiu |d 2016-12-01 |l 0 |o C-1-519 |p 10892 |r 2016-12-01 00:00:00 |w 2016-12-01 |y ARXIU | ||
| 999 | |c 49811 |d 49811 | ||